Most Passing Yards in a Playoff Game for Every NFL Team - Statistics

General Stats
  • This quiz has been taken 22 times
  • The average score is 23 of 32
Answer Stats
Team Yards QB % Correct
NEP 505 Tom Brady
100%
TBB 381 Tom Brady
100%
GBP 423 Aaron Rodgers
95%
PIT 501 Ben Roethlisberger
95%
HOU 388 Deshaun Watson
95%
NOS 466 Drew Brees
95%
KAN 404 Patrick Mahomes
95%
IND 458 Peyton Manning
95%
DEN 400 Peyton Manning
95%
SFF 357 Joe Montana
90%
ATL 396 Matt Ryan
90%
SEA 385 Russell Wilson
90%
CAR 349 Cam Newton
85%
DAL 403 Dak Prescott
85%
MIA 422 Dan Marino
85%
LAR 414 Kurt Warner
85%
BUF 405 Jim Kelly
80%
BAL 365 Lamar Jackson
80%
LAC 433 Dan Fouts
75%
DET 380 Matthew Stafford
75%
TEN 371 Warren Moon
75%
JAX 293 Blake Bortles
70%
PHI 407 Randall Cunningham
70%
CLE 489 Bernie Kosar
60%
CIN 354 Ken Anderson
50%
WAS 361 Mark Rypien
40%
NYG 381 Kerry Collins
35%
CHI 303 Mitch Trubisky
25%
LVR 401 Daryle Lamonica
20%
MIN 423 Jeff George
10%
ARI 385 Neil Lomax
10%
NYJ 377 Richard Todd
10%
No matching quizzes found
Score Distribution
Percent of People with Each Score
Percentile by Number Answered
Your Score History
You have not taken this quiz